000 00471nam a22001577a 4500
005 20251108165820.0
008 250721s1982 xx 000 0 ara d
082 1 4 _aم/526.09565/مرك
245 1 0 _aالتقرير السنوي 1982 /
264 1 _aعمان :
_bالمركز،
_c1982.
650 1 7 _aالمركز الجغرافي الأردني
650 1 7 _aتقرير
710 2 _aالمركز الجغرافي الأردني
942 _2ddc
_cREF
999 _c31995
_d31995